000 01077nmm a2200301 a 4500
001 ocm0001411880
003 TR-IsHL
005 20201028164631.0
008 160220s2015 tu tur
007 cr cn
020 _a9786051315003
035 _a1411880
_b(N$T)
050 0 4 _aDR477
_b.B35 2015
090 0 4 _aDR477
_b.B35 2015
100 1 _aBalcı, Ali
245 1 0 _aTürkiye dış politikası ilkeler, aktörler, uygulamalar
_h[electronic resource] /
_cAli Balcı
260 _aİstanbul :
_bEtkileşim Yayınları,
_c2015
300 _a345 p.
500 _aKaynakça ve dizin var.
_x
650 4 _aPolitika ve Uluslararası İlişkiler
650 4 _aPolitics and International Relations
650 0 _aTürkiye
_x Dış ilişkiler
650 0 _aTurkey
_x Foreign relations
650 0 _aTürkiye
_x Siyaset ve yönetim
650 0 _aTurkey
_x Politics and government
650 7 _aPOLITICAL SCIENCE / International Relations / General
_2bisacsh
856 4 0 _uhttp://search.ebscohost.com/login.aspx?direct=true&scope=site&db=e011xww&AN=1411880
999 _c15664
_d15664